| 000 | 00997cgm a22002295a 4500 | ||
|---|---|---|---|
| 001 | 1645 | ||
| 005 | 20230912150958.0 | ||
| 020 | _a9780439101332 | ||
| 040 |
_aDLC _cDLC _eamim _beng |
||
| 050 | 0 | 0 | _aPR4572.C68 |
| 082 | _a823.8 | ||
| 100 | _aDicken, Charles | ||
| 245 | 0 | 2 | _aA Christmas carol. |
| 260 |
_c1999. _aSholastic |
||
| 300 |
_a122 pages : _billustrations ; _c18 cm |
||
| 505 | _aZ | ||
| 520 | _aMerry Christmas, everyone! "Bah!" said Scrooge. "Humbug!" With those famous words unfolds a tale that renews the joy and caring that are Christmas. Whether we read it aloud with our family and friends or open the pages on a chill winter evening to savor the story in solitude, Charles Dickens' A Christmas Carol is a very special holiday experience. It is the one book that every year will warm our hearts with favorite memories of Ebenezer | ||
| 521 |
_a900
_bLexile |
||
| 521 |
_aZ
_bRaz-Plus |
||
| 906 |
_ap _bcbc _corigcop _du _encip _f20 _gy-movingim |
||
| 942 |
_2ddc _cBK _n0 |
||
| 999 |
_c1645 _d1645 |
||